| 000 | 00926cab a2200241 4500 | ||
|---|---|---|---|
| 001 | ABS51185 | ||
| 008 | 090401t xxu||||| |||| 00| 0 eng d | ||
| 035 | _a(Sirsi) u14150 | ||
| 041 | _aeng | ||
| 100 | _aHarris, P | ||
| 245 | 4 | _aThe applicability of the rules of evidence to arbitrations under English law concerning building contracts | |
| 350 | _a0 | ||
| 490 |
_aArbitration _v60(3) 196-198(3) |
||
| 520 | _aDiscusses this question with reference to legal texts, including `Russell on Arbitration` 20th ed. 1982 and `Mustill & Boyd` 2nd ed. 1989. | ||
| 650 | _aBUILT ENVIRONMENT-BUILDING CONTRACT FORMS | ||
| 650 | _aHEARSAY EVIDENCE | ||
| 650 | _aJCT ARBITRATION RULES | ||
| 650 | _aRULES OF EVIDENCE | ||
| 690 | _aMANAGEMENT-DISPUTE AVOIDANCE, MANAGEMENT AND RESOLUTION-DISPUTE MANAGEMENT AND RESOLUTION-ARBITRATION | ||
| 690 | _aBUILT ENVIRONMENT-BUILDING CONTRACT FORMS | ||
| 942 | _n0 | ||
| 948 | _c04/03/1997 | ||
| 999 |
_c9186 _d9186 |
||